[Event "ROM-ch U10"]
[Site "Calimanesti"]
[Date "2013.04.02"]
[Round "1"]
[White "Stroe, Flavius Gabriel"]
[Black "Mihul, Rares Cristian"]
[Result "1-0"]
[WhiteElo "1535"]
[BlackElo "1278"]
[PlyCount "123"]
[EventDate "2013.04.02"]
[EventType "swiss"]
[EventRounds "9"]
[EventCountry "ROU"]
[SourceTitle "CBM 153 Extra"]
[Source "ChessBase"]
[SourceDate "2013.04.22"]
[SourceVersion "1"]
[SourceVersionDate "2013.04.22"]
[SourceQuality "1"]

1. e4 e5 2. Nf3 Nc6 3. Bc4 Bc5 4. d3 Nf6 5. Bg5 0-0 6. 0-0 d6 7. h3 Be6 8. Bb3 Qe7 9. Nc3 h6 10. Bh4 g5 11. Bg3 Rad8 12. Re1 Nh7 13. Nd5 Bxd5 14. Bxd5 Kh8 15. Nh2 f5 16. Nf1 f4 17. Bh2 Nf6 18. c3 Qg7 19. g3 Nxd5 20. exd5 Ne7 21. b4 Bb6 22. c4 a6 23. Qh5 Kh7 24. Rac1 Bd4 25. Nd2 Qf6 26. Ne4 Qf5 27. g4 Qg6 28. Qxg6+ Nxg6 29. Nd2 Nh4 30. Kf1 Kg6 31. Bg1 h5 32. f3 Bxg1 33. Kxg1 hxg4 34. hxg4 Rh8 35. Kf2 Kf7 36. Rh1 Ng6 37. Ne4 Rxh1 38. Rxh1 Rh8 39. Rxh8 Nxh8 40. Nxg5+ Ke7 41. Kg2 Ng6 42. Kh3 b6 43. Ne6 Kd7 44. g5 c6 45. Kg4 cxd5 46. cxd5 Ne7 47. Nf8+ Ke8 48. Nh7 Nxd5 49. Nf6+ Nxf6+ 50. gxf6 Kf7 51. Kf5 b5 52. a3 Kf8 53. Ke6 Ke8 54. Kxd6 Kf7 55. Kxe5 Kf8 56. Ke6 Ke8 57. f7+ Kf8 58. Kf6 a5 59. bxa5 b4 60. a6 b3 61. a7 b2 62. a8Q# 1-0